Normal view
MARC view
- Kimberly V. Vidal
Entry Personal Name
001 - CONTROL NUMBER
- control field: 4072
003 - CONTROL NUMBER IDENTIFIER
- control field: URS
005 - DATE AND TIME OF LATEST TRANSACTION
- control field: 20230302095920.0
008 - FIXED-LENGTH DATA ELEMENTS
- fixed length control field: 230302|| aca||aabn | a|a d
040 ## - CATALOGING SOURCE
- Original cataloging agency: URS
100 ## - HEADING--PERSONAL NAME
- Personal name: Kimberly V. Vidal
- Relator term: Author


































